Can you name the members of these families? Quiz Stats

 Plays Quiz not verified by Sporcle

Also try: Rainbow Literature
Challenge
Share
Tweet
Embed
Score 0/141 Timer 15:00
1 Play Today
% Correct
Harry
98.5%
Ginny
98.5%
James
98%
Lily
98%
Ginny
98%
Lily
98%
Albus
97%
Molly
95%
Arthur
93.5%
Albus Severus
92%
James Sirius
91%
Bill
89.5%
Lily Luna
88.5%
Fleur
86.5%
Fleur
86.5%
Percy
83%
Hermione
81%
Hermione
81%
Charlie
80%
George
80%
Ron
79.5%
Draco
79.5%
Narcissa
79%
Lucius
78.5%
Narcissa
78.5%
Teddy
76.5%
Remus
75.5%
Nymphadora
75.5%
Nymphadora
75%
Neville
75%
Rose
74.5%
Luna
74.5%
Hugo
74%
Luna
74%
Mr
73%
Mrs
73%
Frank
72.5%
Alice
72.5%
Aberforth
72%
Dudley
72%
Vernon
72%
Petunia
71.5%
Petunia
71.5%
Andromeda
71%
Andromeda
71%
Xenophilius
70.5%
Marvolo
70.5%
% Correct
Ariana
70%
Marge
70%
Colin
70%
Bellatrix
70%
Bellatrix
69.5%
Kendra
69%
Merope
69%
Padma
69%
Parvati
68.5%
Angelina
68%
Dennis
68%
Scorpius
66.5%
Severus
66.5%
Astoria
65%
Astoria
65%
Morfin
64%
Alecto
64%
Augusta
63.5%
Gabrielle
63.5%
Amycus
63%
Percival
62%
Rowena
61.5%
Susan
61%
Minerva
61%
Sybil
61%
Cedric
60.5%
Cornelius
60.5%
Bathilda
59.5%
Mary
59%
Hannah
58.5%
Reginald
58.5%
Mary
58.5%
Helena
57.5%
Amelia
56.5%
Gellert
56.5%
Amos
56.5%
Nicolas
56.5%
Audrey
56%
Ignotus
55.5%
Daphne
54%
Gideon
53%
Cadmus
52.5%
Rodolphus
52.5%
Fabian
52%
Rolf
51%
Roxanne
50%
Lysander
50%
% Correct
Dominique
49%
Louis
48.5%
Antioch
48%
Lorcan
47.5%
Lucy
46%
Eileen
46%
Tobias
44%
Edward
43%
Cassandra
39%
Thomas
38%
Molly I
37.5%
Fred I
37.5%
Fred II
35.5%
Perenelle
35%
Newton
34.5%
Pandora
34.5%
Molly II
33.5%
Orion
33%
Victorie
32.5%
Algie
32.5%
Walburga
31%
Ludovic
31%
Apolline
29%
Tom I
27%
Tom II
27%
Edgar
25%
Alfred
20%
Bartemius I
20%
Otto
20%
Bartemius II
19.5%
Maisie
19%
Ellie
19%
Monsieur
17.5%
Sirius III
15.5%
Regulus II
12.5%
Isobel
11.5%
Robert I
10.5%
Rabastian
10%
Robert II
10%
Alphard
9%
Druella
7%
Rufus
6%
Pollux
4.5%
Cygnus III
4.5%
Elphinstone
4.5%
Irma
4%
Malcomn
0.5%

You're not logged in!

Compare scores with friends on all Sporcle quizzes.
OR
Log In

You Might Also Like...

Show Comments

Extras

Created Dec 27, 2015ReportNominate
Tags:Harry Potter Quiz

Top Quizzes Today


Score Distribution

Your Account Isn't Verified!

In order to create a playlist on Sporcle, you need to verify the email address you used during registration. Go to your Sporcle Settings to finish the process.

Report this User

Report this user for behavior that violates our Community Guidelines.

Details: